Naissance du veillard : essai sur l'histoire des rapports entre les vieillards et la societe en France

Αποθηκεύτηκε σε:
Λεπτομέρειες βιβλιογραφικής εγγραφής
Κύριος συγγραφέας: Gutton, Jean-Pierre
Μορφή: Βιβλίο
Γλώσσα:French
Δημοσίευση: [Paris] : Aubier, c1988
Σειρά:Collection historique
Θέματα:
Ετικέτες: Προσθήκη ετικέτας
Δεν υπάρχουν, Καταχωρήστε ετικέτα πρώτοι!

MARC

LEADER 00000nam a2200000 i 4500
001 1/3679
008 000522s1988 fre d
020 |a 2700722205 
035 |l 10060881 
040 |a GR-MY-UA  |b gre  |e aacr 
041 0 |a fre 
082 0 |a 305.260944 
100 1 |a Gutton, Jean-Pierre. 
245 1 0 |a Naissance du veillard :  |b essai sur l'histoire des rapports entre les vieillards et la societe en France /  |c Jean-Pierre Gutton 
260 |a [Paris] :   |b Aubier,   |c c1988 
300 |a 279 p. 
490 1 |a Collection historique 
504 |a Includes bibliographical references 
650 0 0 |a Older people  |x Social conditions. 
650 0 0 |a Older people  |x Social aspects  |z France. 
830 0 |a Collection historique 
852 |a INST  |b LESVOS  |e 20000522  |h 305.260944 GUT  |p 005100025439  |q 005100025439  |t BK  |y 0 
901 |a BIBL1-2000-3 
909 |a Λ  |b 078090 
922 |a 1ΕΛΗ  |b 200005  |c ΤΑΚ/ΤΚΑ  |d ΠΑΠΑΣΩΤΗΡΙΟΥ 
950 |a 117-1999-11-26 
970 |a ΤΖΑΦΕΡΗ  |b ΕΥΑΓΓΕΛΙΑ  |z 2000/11/03